[Event "Oberbayerische EM Rosenheim"]
[Site "?"]
[Date "2022.07.01"]
[Round "1.1"]
[White "Niedermeier, Thomas"]
[Black "Gil, Artur"]
[Result "1-0"]
[WhiteElo "2134"]
[BlackElo "1933"]
[PlyCount "95"]
[SourceVersionDate "2022.07.04"]

{[%evp 0,95,28,39,8,8,62,5,24,-3,-10,-2,21,-38,-13,7,20,-8,22,18,23,-55,-21,-1,
-3,-55,11,-30,-17,-20,15,10,41,19,5,-1,44,46,50,64,69,60,119,84,72,78,90,64,68,
68,63,11,33,40,42,14,42,7,92,13,34,66,57,84,163,173,196,171,220,221,220,220,
220,202,263,312,346,359,378,378,403,368,432,406,539,425,535,523,523,325,834,
597,1106,639,1542,1645,1820,1925]} 1. e4 e5 2. Bc4 Bc5 3. Nf3 Nc6 4. c3 Nf6 5.
d3 d6 6. Bb3 Bg4 7. h3 Bh5 8. Nbd2 Qd7 9. Nf1 d5 10. Qe2 O-O-O 11. Ng3 Bg6 12.
Nh4 Kb8 13. Nxg6 hxg6 14. Bg5 Ne7 {Remisangebot} 15. O-O-O a5 16. d4 exd4 17.
cxd4 Bb4 18. a3 a4 19. Bc2 Ba5 20. e5 Nh5 21. Nxh5 Rxh5 22. h4 Re8 23. Qf3 Nc8
24. Qh3 Qc6 25. Kb1 Nb6 26. Qf3 Nc4 27. Bc1 Qb5 28. Rh3 Rhh8 29. Rd3 f6 30. Qd1
Nb6 31. f4 g5 32. hxg5 fxg5 33. f5 Rxh3 34. Rxh3 c5 35. dxc5 Qxc5 36. Be3 Qb5
37. Bd4 Rc8 38. e6 Nc4 39. Bxa4 Qa6 40. Ka2 Nd2 41. Bxg7 d4 42. Rh8 Rxh8 43.
Bxh8 Qd6 44. Bxd4 Qd5+ 45. Ka1 Qe4 46. Bf6 Qe3 47. e7 b5 48. Bxb5 1-0

[Event "Oberbayerische EM Rosenheim"]
[Site "?"]
[Date "2022.07.01"]
[Round "1.2"]
[White "Kassner, Sascha"]
[Black "Kobl, Rudolf"]
[Result "0-1"]
[WhiteElo "1919"]
[BlackElo "2127"]
[PlyCount "100"]
[SourceVersionDate "2022.07.04"]

{[%evp 0,100,24,-63,-66,-63,-63,-65,-68,-89,-67,-70,-39,-35,-69,-74,-72,-97,
-64,-50,-84,-107,-52,-47,-56,-47,-37,-62,-37,-32,-13,-17,-56,-37,-41,-41,-33,
-55,-14,-13,0,-13,-22,-21,-13,-19,3,-2,0,2,16,11,17,-4,12,7,15,6,43,-5,0,0,20,
20,22,22,22,27,19,5,35,36,83,36,32,32,27,27,31,28,16,15,39,0,0,-9,-9,-26,-26,
-26,-26,-89,-73,-92,-89,-92,-89,-92,-92,-92,-71,-29999,-30000]} 1. g4 d5 2. h3
e5 3. d4 exd4 4. Qxd4 Nc6 5. Qa4 Bc5 6. Nc3 Be6 7. Bg2 Nge7 8. Be3 Bxe3 9. fxe3
Qd6 10. O-O-O O-O-O 11. Nf3 Qc5 12. Nd4 h5 13. Kb1 hxg4 14. hxg4 Ne5 15. e4
Rxh1 16. Bxh1 dxe4 17. Nxe6 fxe6 18. Bxe4 N7c6 19. Bxc6 Nxc6 20. Qe4 Rxd1+ 21.
Nxd1 Qe5 22. Nf2 Kd7 23. Qd3+ Ke7 24. c3 Qh2 25. Qe3 Qe5 26. Qd3 Qg5 27. Kc2
Qc5 28. Qg3 Nb4+ 29. Kb3 Nd5 30. Nd3 Qb5+ 31. Kc2 Qa4+ 32. Kd2 Qe4 33. Qh4+ Nf6
34. Qg3 Qc6 35. Qf4 Ne4+ 36. Ke3 Nf6 37. Kd2 Qd6 38. Qf3 c6 39. g5 Nd7 40. Qe4
Nc5 41. Qg6 Kf8 42. b4 Nxd3 43. exd3 Qh2+ 44. Ke3 Qxa2 45. c4 Qa1 46. Ke4 Qe1+
47. Kd4 Qf2+ 48. Ke5 Qe1+ 49. Kd4 b6 50. Qh5 e5# 0-1

[Event "Oberbayerische EM Rosenheim"]
[Site "?"]
[Date "2022.07.01"]
[Round "1.3"]
[White "Straub, Jürgen"]
[Black "Sperber, Ulrich"]
[Result "1-0"]
[WhiteElo "2100"]
[BlackElo "1874"]
[PlyCount "47"]
[SourceVersionDate "2022.07.04"]

{[%evp 0,47,24,26,73,71,57,39,49,25,62,56,61,56,48,4,5,5,4,-18,-9,-9,-1,-13,-7,
-3,-10,-29,95,102,158,169,143,119,118,81,150,140,155,122,236,255,220,255,258,
184,351,472,731,731]} 1. e4 c6 2. d4 d5 3. Nc3 dxe4 4. Nxe4 Bf5 5. Ng3 Bg6 6.
h4 h6 7. f4 e6 8. Nf3 Nf6 9. Ne5 Bh7 10. c3 Be7 11. Bd3 Bxd3 12. Qxd3 Nbd7 13.
Qf3 Nxe5 14. fxe5 Nh7 15. Qg4 g5 16. Ne4 Kd7 17. O-O Qg8 18. h5 Qg7 19. Be3 f5
20. exf6 Nxf6 21. Nxf6+ Bxf6 22. Rad1 Ke7 23. d5 cxd5 24. Bc5+ 1-0

[Event "Oberbayerische EM Rosenheim"]
[Site "?"]
[Date "2022.07.01"]
[Round "1.4"]
[White "Haselbeck, Franz"]
[Black "Höller, Armin"]
[Result "0-1"]
[WhiteElo "1864"]
[BlackElo "2083"]
[PlyCount "68"]
[SourceVersionDate "2022.07.04"]

{[%evp 0,68,28,27,60,39,81,74,67,56,57,49,54,60,60,27,22,31,35,2,35,-10,24,-8,
1,2,32,26,55,3,37,-115,-17,-185,-138,-143,-169,-170,-128,-165,-155,-154,-160,
-150,-174,-195,-209,-242,-230,-235,-241,-223,-204,-238,-248,-589,-321,-336,
-213,-250,-218,-476,-180,-181,-202,-359,-367,-360,-391,-718,-762]} 1. Nf3 f5 2.
d3 g6 3. Nc3 Bg7 4. e4 d6 5. exf5 Bxf5 6. d4 Nf6 7. Bc4 d5 8. Bb3 O-O 9. O-O c6
10. Ne2 a5 11. a4 Na6 12. Bf4 Ne4 13. Be5 Bh6 14. c4 Bg4 15. cxd5 cxd5 16. Qd3
Bxf3 17. gxf3 Nd2 18. f4 Nxf1 19. Qh3 Bg7 20. Qe6+ Kh8 21. Rxf1 Nb4 22. Nc3 Ra6
23. Bxg7+ Kxg7 24. Qe5+ Raf6 25. Bxd5 Nd3 26. Qe4 Nxf4 27. Bxb7 Re6 28. Qc2 Qc7
29. Be4 Nh3+ 30. Kh1 Qf4 31. f3 Ng5 32. d5 Rxe4 33. Nxe4 Nxe4 34. Qxe4 Qxe4 0-1

[Event "Oberbayerische EM Rosenheim"]
[Site "?"]
[Date "2022.07.01"]
[Round "1.5"]
[White "Koppen, Harald"]
[Black "Mayr, Günter"]
[Result "1-0"]
[WhiteElo "2017"]
[BlackElo "1861"]
[PlyCount "73"]
[SourceVersionDate "2022.07.04"]

{[%evp 0,73,28,39,50,23,36,18,38,49,31,31,38,31,31,31,31,39,51,27,27,35,59,39,
36,40,40,24,37,19,37,29,56,-4,6,6,14,37,37,28,28,0,0,0,0,0,0,0,0,0,0,0,23,23,
23,23,23,23,31,23,23,23,143,173,173,173,173,173,173,173,261,238,267,267,505,
515]} 1. e4 e6 2. d4 d5 3. Nd2 Be7 4. Ngf3 Nf6 5. Bd3 c5 6. dxc5 dxe4 7. Nxe4
Nxe4 8. Bxe4 Qxd1+ 9. Kxd1 Bxc5 10. Ke2 Nc6 11. Be3 Bxe3 12. Kxe3 Bd7 13. Rhd1
Rd8 14. Rd2 Ke7 15. Rad1 h6 16. Bxc6 Bxc6 17. Ne5 Bxg2 18. Rd7+ Rxd7 19. Rxd7+
Kf6 20. Nxf7 Rc8 21. Nd6 Rxc2 22. Ne8+ Ke5 23. f4+ Kf5 24. Rf7+ Kg4 25. Rxg7+
Kh3 26. Rh7 Kxh2 27. Rxh6+ Kg1 28. Rxe6 Rxb2 29. f5 Rxa2 30. f6 Ra3+ 31. Kd4
Ra4+ 32. Ke5 Re4+ 33. Kd6 Rf4 34. Ke7 a5 35. Re5 a4 36. f7 a3 37. Nf6 1-0

[Event "Oberbayerische EM Rosenheim"]
[Site "?"]
[Date "2022.07.01"]
[Round "1.6"]
[White "Stichter, Constantin Paul"]
[Black "Stocker, Rupert"]
[Result "1/2-1/2"]
[WhiteElo "1846"]
[BlackElo "2024"]
[PlyCount "105"]
[SourceVersionDate "2022.07.04"]

1. e4 g6 2. d4 c6 3. c4 d5 4. cxd5 cxd5 5. exd5 Nf6 6. Nc3 Bg7 7. g3 O-O 8. Bg2
Nbd7 9. Nge2 Nb6 10. Qb3 Bf5 11. Nf4 h6 12. h4 Qd7 13. Be3 Rac8 14. Rc1 Nc4 15.
O-O Ng4 16. d6 Ngxe3 17. dxe7 Rfe8 18. fxe3 Nd2 19. Qxb7 Nxf1 20. Qxd7 Bxd7 21.
Kxf1 Rxe7 22. Kf2 Ree8 23. Bd5 Kf8 24. Rd1 Bf6 25. Bb3 Bg4 26. Rd2 Kg7 27. Nfd5
Bd8 28. Ba4 Rh8 29. e4 Rb8 30. Ne3 Bc8 31. Bc6 g5 32. h5 g4 33. Ncd5 Bg5 34.
Nf4 Rd8 35. d5 Rb4 36. d6 Rb6 37. Bd5 Rbxd6 38. Rc2 R6d7 39. b3 Re7 40. Rc5 Bf6
41. Rc6 {Remisangebot} Bd4 42. Rc4 Bb6 43. Ke2 Ba6 44. Nf5+ Kf8 45. Nxe7 Kxe7
46. Nd3 Bxc4 47. Bxc4 Bc7 48. Nb4 Rf8 49. Nd5+ Kd6 50. Nxc7 Kxc7 51. Ke3 Kd6
52. Kf4 Ke7 53. Kxg4 1/2-1/2

[Event "Oberbayerische EM Rosenheim"]
[Site "?"]
[Date "2022.07.01"]
[Round "1.7"]
[White "Frese, Daniel"]
[Black "Stang, Wolfgang"]
[Result "1-0"]
[WhiteElo "2011"]
[BlackElo "1827"]
[PlyCount "87"]
[SourceVersionDate "2022.07.04"]

{[%evp 0,75,21,18,18,22,36,16,18,2,-5,3,-3,-4,64,46,52,59,59,0,79,94,66,99,102,
97,175,144,132,128,136,144,135,154,163,155,140,153,148,135,166,132,207,205,342,
374,374,312,326,172,167,177,174,173,260,299,267,287,287,131,127,137,136,137,
143,134,154,142,139,131,144,130,152,155,165,167,158,167]} 1. e4 e5 2. Nf3 Nc6
3. Bb5 a6 4. Ba4 Nf6 5. O-O Bc5 6. c3 d6 7. d4 Ba7 8. dxe5 Nxe4 9. Qd5 Nxf2 10.
Rxf2 Bxf2+ 11. Kxf2 O-O 12. Bg5 Ne7 13. Qd4 h6 14. Bxe7 Qxe7 15. exd6 cxd6 16.
Nbd2 b5 17. Re1 Qc7 18. Bc2 Bb7 19. Qd3 f5 20. Nd4 Bd5 21. Kg1 Qb7 22. Nxf5
Rae8 23. Ne7+ Rxe7 24. Rxe7 Qxe7 25. Qxd5+ Kh8 26. Qe4 Qa7+ 27. Kh1 g5 28. Qg6
Qg7 29. Qxg7+ Kxg7 30. Kg1 Kf6 31. Kf2 Ke6+ 32. Ke3 g4 33. Bd3 Ke5 34. Ne4 Rg8
35. Be2 Rg7 36. g3 Rg8 37. Nf2 h5 38. Nd3+ Kf5 39. Nf4 h4 40. Bd3+ Kg5 41. Ne6+
Kh5 42. Kf4 hxg3 43. hxg3 Kh6 44. Bf5 1-0

[Event "Oberbayerische EM Rosenheim"]
[Site "?"]
[Date "2022.07.01"]
[Round "1.8"]
[White "Boos, Michael"]
[Black "Sandner, Michael"]
[Result "0-1"]
[WhiteElo "1795"]
[BlackElo "2003"]
[PlyCount "98"]
[SourceVersionDate "2022.07.04"]

{[%evp 0,98,19,38,30,51,38,23,26,-7,47,24,13,9,10,14,15,-13,28,20,25,-5,-5,-42,
2,-3,-3,-33,33,15,26,26,13,17,69,60,44,28,64,60,60,38,48,24,35,32,32,7,30,14,
22,-8,2,12,0,8,62,55,0,10,22,0,17,0,45,31,103,4,0,15,15,39,61,52,79,42,79,-16,
-14,-16,0,0,0,0,0,0,0,-130,-130,-508,-749,-749,-744,-816,-816,-1011,-891,-897,
-1012,-1012,-1022]} 1. e4 e6 2. d4 d5 3. exd5 exd5 4. Bd3 c5 5. dxc5 Bxc5 6.
Nf3 Nf6 7. O-O O-O 8. Bg5 Bg4 9. Nbd2 h6 10. Bh4 Nc6 11. c3 Re8 12. Qa4 g5 13.
Bg3 Bd7 14. Qc2 Nh5 15. Nb3 Nxg3 16. hxg3 Bf8 17. Rad1 Be6 18. Nbd4 Qd7 19.
Nxe6 fxe6 20. Bb5 Bg7 21. Qg6 Qf7 22. Qxf7+ Kxf7 23. Rfe1 Re7 24. Rd2 a6 25.
Ba4 b5 26. Bd1 Rd8 27. a4 e5 28. axb5 axb5 29. Bb3 Red7 30. Red1 Ke6 31. Ra1 e4
32. Ra6 Rc7 33. Nd4+ Bxd4 34. Rxd4 Ke5 35. Rd1 Rd6 36. Rb6 b4 37. Rb5 Rcd7 38.
c4 Nd4 39. Rxb4 Nxb3 40. Rxb3 dxc4 41. Rb5+ Rd5 42. Rbxd5+ Rxd5 43. f4+ exf3
44. Rxd5+ Kxd5 45. gxf3 Kd4 46. Kf2 Kd3 47. g4 Kd2 48. Kg3 Kc2 49. f4 gxf4+ 0-1

[Event "Oberbayerische EM Rosenheim"]
[Site "?"]
[Date "2022.07.01"]
[Round "1.9"]
[White "Bergerhoff, Andreas"]
[Black "Niedermaier, Peter"]
[Result "1-0"]
[WhiteElo "2002"]
[BlackElo "1760"]
[PlyCount "37"]
[SourceVersionDate "2022.07.04"]

{[%evp 0,37,21,21,45,-46,-29,-55,-14,-21,-36,-20,20,20,28,34,39,-6,40,-10,-10,
-10,16,-3,7,16,20,34,39,-25,33,-119,-36,-69,39,130,887,725,725,778]} 1. e4 c5
2. b4 cxb4 3. a3 e6 4. axb4 Bxb4 5. c3 Bc5 6. d4 Bb6 7. Bd3 Ne7 8. Na3 O-O 9.
Nf3 d5 10. e5 h6 11. Nb5 Bd7 12. Nd6 Bc6 13. Ba3 Nd7 14. g4 f6 15. g5 fxe5 16.
gxh6 e4 17. Ng5 Rf6 18. h7+ Kh8 19. Ndf7+ 1-0

[Event "Oberbayerische EM Rosenheim"]
[Site "?"]
[Date "2022.07.01"]
[Round "1.10"]
[White "Maillinger, Michael"]
[Black "Donegani, Peter"]
[Result "0-1"]
[WhiteElo "1704"]
[BlackElo "1968"]
[PlyCount "82"]
[SourceVersionDate "2022.07.04"]

{[%evp 0,82,19,38,42,39,63,74,93,57,93,91,141,67,125,71,126,39,0,0,0,0,0,-34,
149,-35,-32,-59,-59,-43,-43,-73,-71,-89,-104,-117,-101,-135,-100,-102,-93,-115,
-109,-114,-99,-185,-88,-88,-88,-88,-88,-88,-88,-88,-88,-88,-88,-98,-91,-120,
-124,-125,-126,-189,-173,-173,-173,-173,-173,-173,-173,-173,-107,-135,-179,
-410,-437,-426,-426,-1291,-1363,-1407,-1415,-29993,-29994]} 1. e4 d5 2. exd5
Qxd5 3. Nf3 Bg4 4. Nc3 Qd7 5. d4 Nc6 6. Be3 a6 7. Be2 O-O-O 8. Qd2 Bxf3 9. Bxf3
Nxd4 10. Bxd4 Qxd4 11. Qe2 Nf6 12. O-O Qb6 13. b4 e6 14. a3 Be7 15. Ne4 Nxe4
16. Qxe4 Rd4 17. Qe3 Rhd8 18. Rad1 Bf6 19. Rxd4 Bxd4 20. Qe4 f5 21. Qh4 h6 22.
Rd1 e5 23. c3 g5 24. Qg3 Bxc3 25. Bxb7+ Qxb7 26. Rxd8+ Kxd8 27. Qxc3 Qd5 28. h3
Kc8 29. Qc2 e4 30. Qe2 Kb7 31. Qb2 Qd1+ 32. Kh2 Qd6+ 33. Kg1 Qd1+ 34. Kh2 Qd6+
35. Kg1 f4 36. Qe2 Qd3 37. Qa2 e3 38. fxe3 fxe3 39. Qa1 e2 40. Kf2 Qd1 41. Qe5
Qf1+ 0-1

[Event "Oberbayerische EM Rosenheim"]
[Site "?"]
[Date "2022.07.01"]
[Round "1.11"]
[White "Zeindlmeier, Thomas"]
[Black "Racky, Selina"]
[Result "1/2-1/2"]
[WhiteElo "1946"]
[BlackElo "1555"]
[PlyCount "99"]
[SourceVersionDate "2022.07.04"]

{[%evp 0,99,19,31,36,58,16,35,23,23,35,35,83,40,47,13,29,-2,34,12,43,39,39,39,
52,43,81,82,80,52,50,46,64,58,65,55,57,48,58,26,69,82,108,108,108,89,89,100,
135,129,131,129,134,148,158,158,168,139,122,129,163,124,236,110,109,85,98,-56,
-69,-64,30,19,55,55,144,55,116,85,144,127,119,137,131,88,88,85,63,82,127,0,0,0,
0,0,0,0,0,0,0,0,0,0]} 1. e4 e5 2. Nf3 Nc6 3. d4 exd4 4. Nxd4 Bc5 5. Be3 Bb6 6.
Nc3 Nf6 7. Bc4 d6 8. f3 Bd7 9. Qd2 Qe7 10. O-O-O Nxd4 11. Bxd4 Bxd4 12. Qxd4 a6
13. Rhe1 Qe5 14. Qxe5+ dxe5 15. Rd2 O-O 16. Red1 Bc6 17. a3 Rfe8 18. b4 b5 19.
Bb3 Re7 20. g4 Rd7 21. Rxd7 Nxd7 22. Bd5 Nb8 23. Bb3 Bd7 24. Rd5 Kf8 25. Rxe5
Nc6 26. Rc5 Ra7 27. Ne2 f6 28. Kd2 Ne5 29. Ke3 Ke7 30. Nd4 g6 31. Bd5 Kd6 32.
h3 g5 33. Nb3 c6 34. Bg8 h6 35. Nd4 Ra8 36. Bb3 Ng6 37. Ne2 Nf8 38. Rc3 Kc7 39.
Bf7 Be6 40. Bxe6 Nxe6 41. Rd3 a5 42. f4 axb4 43. axb4 Ra2 44. c3 Rxe2+ 45. Kxe2
Nxf4+ 46. Ke3 Nxd3 47. Kxd3 Kd7 {Remisangebot} 48. c4 Ke7 49. Kd4 Kd6 50. c5+
1/2-1/2

[Event "Oberbayerische EM Rosenheim"]
[Site "?"]
[Date "2022.07.01"]
[Round "1.12"]
[White "Mazatis, Benjamin"]
[Black "Gnegel, Boris Igor"]
[Result "1/2-1/2"]
[WhiteElo "1700"]
[BlackElo "1944"]
[PlyCount "36"]
[SourceVersionDate "2022.07.04"]

{[%evp 0,36,34,23,29,5,47,44,67,57,36,37,53,37,48,59,32,46,49,41,41,37,35,11,
47,32,36,17,23,30,69,33,59,33,40,39,38,37,45]} 1. d4 Nf6 2. c4 g6 3. Nc3 d5 4.
Nf3 Bg7 5. Qb3 c6 6. cxd5 Nxd5 7. e4 Nxc3 8. bxc3 O-O 9. Be3 c5 10. d5 Qc7 11.
Rc1 e6 12. Be2 exd5 13. exd5 Nd7 14. O-O a6 15. a4 Rb8 16. c4 b6 17. Rfe1 Ne5
18. h3 Bd7 1/2-1/2

[Event "Oberbayerische EM Rosenheim"]
[Site "?"]
[Date "2022.07.02"]
[Round "2.1"]
[White "Sandner, Michael"]
[Black "Niedermeier, Thomas"]
[Result "0-1"]
[WhiteElo "2003"]
[BlackElo "2134"]
[PlyCount "70"]
[SourceVersionDate "2022.07.04"]

1. e4 c5 2. Nf3 d6 3. d4 cxd4 4. Nxd4 Nf6 5. Nc3 g6 6. Be3 Bg7 7. f3 Nc6 8. Qd2
O-O 9. Bc4 Bd7 10. O-O-O Ne5 11. Bb3 b5 12. Kb1 a5 13. Nd5 a4 14. Nxf6+ Bxf6
15. Bd5 Nc4 16. Bxc4 bxc4 17. a3 Rb8 18. c3 Qa5 19. Ka2 d5 20. exd5 Qxd5 21.
Nc2 Qa5 22. Nb4 Rfd8 23. Qf2 Be8 24. Rxd8 Qxd8 25. Qe2 Rb7 26. Qxc4 Bd7 27. Qe2
Be6+ 28. Ka1 Rd7 29. Nc6 Qc8 30. Nd4 Bc4 31. Qf2 Qb7 32. Nc2 Qb3 33. Nb4 Rd1+
34. Bc1 Rxh1 35. Kb1 Bxc3 0-1

[Event "Oberbayerische EM Rosenheim"]
[Site "?"]
[Date "2022.07.02"]
[Round "2.2"]
[White "Kobl, Rudolf"]
[Black "Koppen, Harald"]
[Result "1/2-1/2"]
[WhiteElo "2127"]
[BlackElo "2017"]
[PlyCount "91"]
[SourceVersionDate "2022.07.04"]

{[%evp 0,91,30,15,29,-9,-4,-13,57,64,77,85,81,70,114,76,107,39,80,45,43,40,24,
36,41,58,57,56,51,42,46,33,31,34,55,24,18,12,23,10,10,-5,17,0,0,4,11,-71,-40,
-20,-28,-37,-29,-19,-19,-29,-18,-7,0,-41,-5,0,115,-49,-102,-113,-133,-124,-138,
-146,-179,-135,-132,-140,0,4,14,30,6,-78,-42,-72,-89,-149,-136,-143,-140,-145,
-144,-129,-129,-107,-129,-150]} 1. d4 Nf6 2. c4 e6 3. Nc3 c5 4. d5 exd5 5. cxd5
d6 6. Nf3 g6 7. Bf4 a6 8. a4 Bg7 9. h3 O-O 10. e3 Qe7 11. Be2 Nbd7 12. O-O Ne8
13. Nd2 Ne5 14. a5 f5 15. Bh2 Rb8 16. Qb3 Qc7 17. Bxe5 Bxe5 18. Nc4 Bg7 19.
Rac1 Nf6 20. Bd3 Nd7 21. Na4 f4 22. exf4 Rxf4 23. Nab6 Ne5 24. Rce1 Bf5 25.
Bxf5 Rxf5 26. f4 Nxc4 27. Nxc4 Bd4+ 28. Kh1 Rbf8 29. Re4 Kh8 30. g4 Rxd5 31.
Rfe1 Qc6 32. Kh2 Bg7 33. Kg3 Qb5 34. Qc2 Rd4 35. Rxd4 Bxd4 36. Nxd6 Qxb2 37.
Qxb2 Bxb2 38. Nxb7 c4 39. Nc5 Ba3 40. Na4 Rc8 41. Re6 c3 42. Nxc3 Rxc3+ 43. Kg2
Bb4 44. Rxa6 Ra3 45. Ra8+ Kg7 46. Ra7+ 1/2-1/2

[Event "Oberbayerische EM Rosenheim"]
[Site "?"]
[Date "2022.07.02"]
[Round "2.3"]
[White "Donegani, Peter"]
[Black "Straub, Jürgen"]
[Result "1/2-1/2"]
[WhiteElo "1969"]
[BlackElo "2100"]
[PlyCount "67"]
[SourceVersionDate "2022.07.04"]

1. e4 e6 2. d4 d5 3. Nd2 Nf6 4. e5 Nfd7 5. Bd3 c5 6. c3 Nc6 7. Ne2 cxd4 8. cxd4
f6 9. exf6 Nxf6 10. Nf3 Bd6 11. O-O Qc7 12. Nc3 a6 13. h3 O-O 14. Re1 Bd7 15.
Bd2 b5 16. Rc1 Qb6 17. Be3 Qb8 18. Bb1 Kh8 19. Qd3 Be8 20. Nh4 e5 21. dxe5 Nxe5
22. Qd4 Bf7 23. Nf5 Bc7 24. Qh4 Ng6 25. Qd4 Be5 26. Qb6 Rd8 27. Qxb8 Raxb8 28.
Bd4 Re8 29. Bxe5 Rxe5 30. Nd6 Kg8 31. Rxe5 Nxe5 32. Rd1 Nc4 33. Nxf7 Kxf7 34.
b3 1/2-1/2

[Event "Oberbayerische EM Rosenheim"]
[Site "?"]
[Date "2022.07.02"]
[Round "2.4"]
[White "Höller, Armin"]
[Black "Frese, Daniel"]
[Result "0-1"]
[WhiteElo "2083"]
[BlackElo "2011"]
[PlyCount "92"]
[SourceVersionDate "2022.07.04"]

1. c4 Nf6 2. g3 c6 3. Bg2 d5 4. Nf3 g6 5. O-O Bg7 6. Qc2 O-O 7. d3 Re8 8. Ne5
Ng4 9. Nxg4 Bxg4 10. cxd5 cxd5 11. Nc3 Nc6 12. h3 Be6 13. Bf4 Rc8 14. Qd2 Qd7
15. Kh2 b6 16. g4 d4 17. Ne4 Bd5 18. Bh6 f6 19. Rg1 Ne5 20. Bxg7 Kxg7 21. f4
Nf7 22. b3 Rc7 23. Rac1 Rec8 24. Rxc7 Qxc7 25. h4 e6 26. Kh3 Nd6 27. Nxd6 Qxd6
28. f5 Bxg2+ 29. Rxg2 exf5 30. gxf5 Re8 31. Rg3 Qe5 32. fxg6 hxg6 33. Rg4 Qf5
34. Qf4 Re3+ 35. Kg2 Rxe2+ 36. Kf1 Qxd3 37. Rxg6+ Kxg6 38. Qg4+ Kh6 39. Qxe2
Qxe2+ 40. Kxe2 Kh5 41. Kd3 Kxh4 42. Kxd4 f5 43. Ke3 Kg3 44. Ke2 f4 45. Kf1 Kf3
46. b4 b5 0-1

[Event "Oberbayerische EM Rosenheim"]
[Site "?"]
[Date "2022.07.02"]
[Round "2.5"]
[White "Stocker, Rupert"]
[Black "Bergerhoff, Andreas"]
[Result "1/2-1/2"]
[WhiteElo "2024"]
[BlackElo "2002"]
[PlyCount "33"]
[EventDate "2022.07.02"]
[SourceVersionDate "2022.07.04"]

1. c4 c5 2. g3 Nc6 3. Bg2 g6 4. Nc3 Bg7 5. e4 e5 6. Nge2 d6 7. d3 Nge7 8. a3
O-O 9. O-O Be6 10. Nd5 Qd7 11. Bh6 Bh3 12. Bxg7 Kxg7 13. Rb1 Bxg2 14. Kxg2 Nxd5
15. cxd5 Nd4 16. Nxd4 cxd4 17. Qb3 1/2-1/2

[Event "Oberbayerische EM Rosenheim"]
[Site "?"]
[Date "2022.07.02"]
[Round "2.6"]
[White "Gnegel, Boris Igor"]
[Black "Zeindlmeier, Thomas"]
[Result "0-1"]
[WhiteElo "1944"]
[BlackElo "1946"]
[PlyCount "40"]
[EventDate "2022.07.02"]
[SourceVersionDate "2022.07.04"]

1. Nf3 d5 2. d3 Nf6 3. c3 c5 4. g3 Nc6 5. Bg5 e5 6. Bg2 Be7 7. O-O O-O 8. Nbd2
Rb8 9. Qc1 Be6 10. e4 d4 11. Re1 Nd7 12. Bxe7 Qxe7 13. a4 dxc3 14. bxc3 Rfd8
15. Qa3 Qf6 16. Nf1 b6 17. Ne3 Nf8 18. Nd5 Bxd5 19. exd5 Rxd5 20. Nxe5 Rxe5 0-1

[Event "Oberbayerische EM Rosenheim"]
[Site "?"]
[Date "2022.07.02"]
[Round "2.7"]
[White "Racky, Selina"]
[Black "Stichter, Constantin Paul"]
[Result "0-1"]
[WhiteElo "1555"]
[BlackElo "1846"]
[PlyCount "80"]
[EventDate "2022.07.02"]
[SourceVersionDate "2022.07.04"]

1. e4 e6 2. d4 d5 3. exd5 exd5 4. Nf3 Bd6 5. Bd3 Ne7 6. h3 O-O 7. O-O c6 8. Re1
Re8 9. Nbd2 f6 10. Nf1 Nd7 11. c3 Nf8 12. Qc2 Qc7 13. Ne3 Be6 14. Bd2 Qd7 15.
Nf1 Qc7 16. Ne3 Qd7 17. Nf1 b6 18. Ng3 Rac8 19. Be3 Rc7 20. Qd2 Nfg6 21. Nh2
Rcc8 22. Nh5 Nf5 23. Ng4 Qf7 24. Nf4 Nxe3 25. Nxe6 Nxg2 26. Kxg2 Rxe6 27. Rg1
f5 28. Ne3 Nh4+ 29. Kf1 Nf3 30. Qc2 Nxg1 31. Bxf5 Rxe3 32. Bxc8 Re8 33. Bf5 g6
34. Bxg6 Qxg6 35. Qxg6+ hxg6 36. Kxg1 Re2 37. Rb1 a5 38. a3 Kg7 39. Kg2 Kf6 40.
b4 a4 0-1

[Event "Oberbayerische EM Rosenheim"]
[Site "?"]
[Date "2022.07.02"]
[Round "2.8"]
[White "Gil, Artur"]
[Black "Mazatis, Benjamin"]
[Result "1-0"]
[WhiteElo "1933"]
[BlackElo "1700"]
[PlyCount "45"]
[EventDate "2022.07.02"]
[SourceVersionDate "2022.07.04"]

1. d4 d5 2. Nf3 Nf6 3. c4 c6 4. Nc3 e6 5. g3 dxc4 6. Bg2 Nbd7 7. O-O b5 8. Qc2
Bb7 9. Rd1 Qb6 10. e4 Be7 11. Be3 O-O 12. Ne5 Qc7 13. Nf3 a6 14. a3 Rad8 15. e5
Nd5 16. Bg5 N7b6 17. Ne4 h6 18. Bxe7 Qxe7 19. h4 f5 20. exf6 Nxf6 21. Nc5 Nbd5
22. Ne5 Qe8 23. Nxb7 1-0

[Event "Oberbayerische EM Rosenheim"]
[Site "?"]
[Date "2022.07.02"]
[Round "2.9"]
[White "Stang, Wolfgang"]
[Black "Kassner, Sascha"]
[Result "0-1"]
[WhiteElo "1827"]
[BlackElo "1919"]
[PlyCount "64"]
[EventDate "2022.07.02"]
[SourceVersionDate "2022.07.04"]

1. d4 f5 2. Nf3 Nf6 3. g3 g6 4. Bg2 Bg7 5. O-O O-O 6. b3 d6 7. Bb2 c6 8. Nbd2
Nbd7 9. Ng5 Nb6 10. e3 h6 11. Nh3 Qe8 12. c4 e5 13. Re1 Rf7 14. Ba3 Rd7 15. Qc2
e4 16. Rad1 g5 17. Kh1 Rd8 18. Ng1 d5 19. f3 Be6 20. fxe4 fxe4 21. h3 Rac8 22.
c5 Nbd7 23. Nf1 Qh5 24. Nh2 Rf8 25. Qe2 Qg6 26. Nf1 Rf7 27. g4 h5 28. Nh2 Rcf8
29. Rf1 Qh6 30. gxh5 Nxh5 31. Qe1 Rf2 32. Ne2 Rxe2 0-1

[Event "Oberbayerische EM Rosenheim"]
[Site "?"]
[Date "2022.07.02"]
[Round "2.10"]
[White "Sperber, Ulrich"]
[Black "Boos, Michael"]
[Result "1-0"]
[WhiteElo "1874"]
[BlackElo "1795"]
[PlyCount "55"]
[EventDate "2022.07.02"]
[SourceVersionDate "2022.07.04"]

{[%evp 0,55,19,31,38,38,38,37,59,38,42,-8,1,29,28,-15,-4,-12,23,-41,-41,-41,
-33,-49,-45,-95,-95,-92,-89,-89,-76,-95,-76,-87,-87,-88,7,-50,-58,-64,-56,-50,
270,267,263,259,256,233,222,250,344,297,305,300,921,938,29995,29996]} 1. e4 d5
2. exd5 Nf6 3. d4 Nxd5 4. Nf3 Bf5 5. Bc4 e6 6. O-O c6 7. c3 Bd6 8. Re1 h6 9.
Bxd5 cxd5 10. Qb3 b6 11. Na3 a6 12. Nc2 O-O 13. Ne3 Be4 14. Qd1 b5 15. Ng4 Nd7
16. Nfe5 Nxe5 17. dxe5 Bc5 18. Be3 Be7 {Remisangebot} 19. Nxh6+ gxh6 20. Bxh6
Re8 21. Rxe4 Kh7 22. Re3 Kxh6 23. Qg4 Bg5 24. f4 Kg6 25. Rg3 f6 26. exf6 Qb6+
27. Kh1 Kf7 28. Qh5+ 1-0

[Event "Oberbayerische EM Rosenheim"]
[Site "?"]
[Date "2022.07.02"]
[Round "2.11"]
[White "Niedermaier, Peter"]
[Black "Haselbeck, Franz"]
[Result "1-0"]
[WhiteElo "1760"]
[BlackElo "1864"]
[PlyCount "42"]
[EventDate "2022.07.02"]
[SourceVersionDate "2022.07.04"]

1. e4 c6 2. d4 d5 3. Nc3 dxe4 4. Nxe4 Nf6 5. Nxf6+ gxf6 6. Bc4 Nd7 7. Qh5 e6 8.
Be3 Nb6 9. Bb3 Nd5 10. O-O-O Bd6 11. Ne2 Qc7 12. g3 a5 13. Bxd5 cxd5 14. Qh6
Qe7 15. Qg7 Qf8 16. Qxf6 Be7 17. Qh6 Rg8 18. Nc3 Bd7 19. Qh5 a4 20. Qe2 a3 21.
b3 O-O-O {weitere Notation bei beiden Spielern inkonsistent/unleserlich} 1-0